000 00652nam a2200181 a 4500
001 3930
005 20140414131851.0
008 040109s19uu xx 00 eng d
020 _a0-688-17818-9
050 _aM 523.3
_bK94 1993
100 _aKrupp E.C.
245 _aThe moon and you /
_cE.C. Krupp.
260 _aU.S.A :
_bHarpertrophy,
_c1993.
300 _ap. ; cm.
520 _aProvides information about Earth's nearest neighbor in space, the moon, describing its phases, rotation, effect on our tides and some of the myths and legends about the Earth's nearest neighbor in space.
650 _aMoon
_xJuvenile literature.
999 _c110183
_d110183